000 00864nmm a2200265 a 4500
001 ocm0002016283
003 TR-IsHL
005 20201028180720.0
008 181219s1998 tu tur
007 cr cn
020 _a9786052971468
035 _a2016283
_b(N$T)
050 0 4 _aGR74
_b.T45 1998
090 0 4 _aGR74
_b.T45 1998
100 1 _aTekneci, Mehmet
245 1 0 _aÇirkin ördek yavrusu: sevimli masallar serisi
_h[electronic resource] /
_cMehmet Tekneci
260 _aİstanbul :
_bYakamoz Kitap,
_c1998
300 _a24 p.
650 4 _aDil ve Edebiyat
650 4 _aLanguage and Literature
650 0 _aMasallar
_x Türkiye
650 0 _aTales
_x Turkey
650 7 _aJUVENILE NONFICTION / Animals / Ducks, Geese, etc.
_2bisacsh
856 4 0 _uhttp://search.ebscohost.com/login.aspx?direct=true&scope=site&db=e011xww&AN=2016283
999 _c19270
_d19270